00685nam a2200205 a 450000100100000000500170001000800410002702000140006804000250008208200150010710000280012224500620015026000360021230000280024850000220027659000260029870000250032495201130034999900170046200002555820200930023857.0110217s1968 xxua r 000 0 eng d z070079994 aDO-SdBNPbspacBNPHU axxxxbxxxx1 aBroek, Jan O. M.95222912aA geography of mankind /cJan O. M. Broek y John W. Webb. aNew York :bMcGraw-Hill,c1968. a527 p. :bil. ;c24 cm. aIncluye índice. aInventariado, 2019/BT1 aWedd, John W.952230 001050718MOaGRbGRcHDd2011-02-17iLF1l0oxxxx xxxxp25558-10r2020-06-25w2020-06-25y1ZNo se presta c25050d25050